Acquadolce /

সংরক্ষণ করুন:
গ্রন্থ-পঞ্জীর বিবরন
প্রধান লেখক: Emezi, Akwaeke (লেখক)
অন্যান্য লেখক: Dazzi, Benedetta (অনুবাদক)
বিন্যাস: গ্রন্থ
ভাষা:ইতালিয়
প্রকাশিত: Milano : Il saggiatore, 2019
মালা:La cultura ; 1227
ট্যাগগুলো: ট্যাগ যুক্ত করুন
কোনো ট্যাগ নেই, প্রথমজন হিসাবে ট্যাগ করুন!

MARC

LEADER 00000nam a2200000 i 4500
001 IT\ICCU\RAV\2090008
003 ItRI
005 20260115232103.0
008 190305s2019 it |||||| |||||1|||||c
015 |2 IT  |a 2019-3004 
020 |a 9788842825364 
040 |b ita  |c importazione bologna sebina 
041 7 |a ita  |2 ISO-639-2 
082 |a 813.6  |9 NARRATIVA AMERICANA IN LINGUA INGLESE, 2000-  |2 23 
100 1 |a Emezi, Akwaeke  |0 IT\ICCU\RAVV\691837  |4 aut 
240 1 0 |a Freshwater  |3 IT\ICCU\RAV\2090011  |9 Emezi, Akwaeke 
245 1 0 |a Acquadolce /  |c Akwaeke Emezi ; traduzione di Benedetta Dazzi. 
260 |a Milano :  |b Il saggiatore,  |c 2019 
300 |a 261 p. ;  |c 22 cm 
700 1 |a Dazzi, Benedetta  |0 IT\ICCU\RAVV\691838  |4 trl 
830 3 |a La cultura ;  |v 1227  |0 IT\ICCU\CFI\0001384 
942 |2 ddc  |c BK  |n 0 
952 |0 0  |1 0  |4 0  |6 DOC_823_920000000000000_EME  |7 0  |9 19797  |a BO  |b BO  |d 2026-01-15  |i 19203  |l 0  |o DOC 823.92 EME  |p BO19203  |r 2026-01-15 23:21:03  |w 2026-01-15  |x [Sebina 5] [1 v.]  |y BK  |z 1 v. 
999 |c 16877  |d 16877